Le Journal / (Record no. 137156)

MARC details
000 -CABECERA
campo de control de longitud fija 01868nam a2200337 i 4500
001 - NÚMERO DE CONTROL
campo de control 991061720862506706
003 - IDENTIFICADOR DEL NÚMERO DE CONTROL
campo de control ES-BaIT
005 - FECHA Y HORA DE LA ÚLTIMA TRANSACCIÓN
campo de control 20260226120720.0
008 - DATOS DE LONGITUD FIJA--INFORMACIÓN GENERAL
campo de control de longitud fija 250324e202502 fr r 000 1 fre d
020 ## - NÚMERO INTERNACIONAL ESTÁNDAR DEL LIBRO
Número Internacional Estándar del Libro 9782749816807
040 ## - FUENTE DE LA CATALOGACIÓN
Centro catalogador/agencia de origen ES-BaIT
Lengua de catalogación cat
Normas de descripción rda
Centro/agencia transcriptor ES-BaIT
080 ## - NÚMERO DE LA CLASIFICACIÓN DECIMAL UNIVERSAL
Número de la Clasificación Decimal Universal 840-2"19"
100 1# - ENTRADA PRINCIPAL--NOMBRE DE PERSONA
Nombre de persona Beauquier, Antoine
Término indicativo de función/relación autor
9 (RLIN) 168722
245 13 - MENCIÓN DE TÍTULO
Título Le Journal /
Mención de responsabilidad, etc. Antoine Beauquier
264 #1 - PRODUCCIÓN, PUBLICACIÓN, DISTRIBUCIÓN, FABRICACIÓN Y COPYRIGHT
Producción, publicación, distribución, fabricación y copyright Paris :
Nombre del de productor, editor, distribuidor, fabricante L'avant-scène théâtre :
-- Cent mille milliards,
Fecha de producción, publicación, distribución, fabricación o copyright février 2025
300 ## - DESCRIPCIÓN FÍSICA
Extensión 78 pàgines ;
Dimensiones 21 cm
336 ## - TIPO DE CONTENIDO
Término de tipo de contenido text
Código de tipo de contenido txt
Fuente rdacontent
337 ## - TIPO DE MEDIO
Nombre/término del tipo de medio sense mediació
Código del tipo de medio n
Fuente rdamedia
338 ## - TIPO DE SOPORTE
Nombre/término del tipo de soporte volum
Código del tipo de soporte nc
Fuente rdacarrier
490 1# - MENCIÓN DE SERIE
Mención de serie L'Avant-scène théâtre ;
Designación de volumen o secuencia no 1569
500 ## - NOTA GENERAL
Nota general P5: D2, H3 i altres
500 ## - NOTA GENERAL
Nota general Publicat com no 1569 (février 2025) de la revista L'Avant-scène théâtre
500 ## - NOTA GENERAL
Nota general Estrena Théâtre de Paris, el 22 de gener de 2025
520 ## - SUMARIO, ETC.
Sumario, etc. "Edmond, le directeur d'un journal d'investigation, s'apprête à publier des révélations sur Jacques Flamm, un jeune ministre ambitieux. Alors qu'il va rendre publiques des informations qu'il détient, il apprend que sa fille Apolline vient d'être arrêté pour trafic de drogue à Jakarta. Seul Jacques Flamm semble être en mesure de l'arracher aux griffes du système judiciaire indonésien. Doit-il renoncer à la publication de l'article? Rique-t-il de mettre en péril le soutien qu'il attend de l'État français pour la rapatrier? À travers cette pièce drôle et noire et aux dialogues incisifs, l'auteur explore les liens tendus entra les mondes de la politique et de la presse aujourd'hui."-- Contracoberta
650 #0 - PUNTO DE ACCESO ADICIONAL DE MATERIA--TÉRMINO DE MATERIA
Término de materia o nombre geográfico como elemento de entrada Drogues
Subdivisión general Tràfic
Subdivisión de forma Textos dramàtics
9 (RLIN) 168723
650 #0 - PUNTO DE ACCESO ADICIONAL DE MATERIA--TÉRMINO DE MATERIA
Término de materia o nombre geográfico como elemento de entrada Premsa i política
Subdivisión de forma Textos dramàtics
9 (RLIN) 168724
830 ## - PUNTO DE ACCESO ADICIONAL DE SERIE-TÍTULO UNIFORME
Título uniforme Avant-scène.
Nombre de parte o sección de la obra Théâtre
Designación de volumen o secuencia no 1569
9 (RLIN) 168170
908 ## - COLOCAR PARÁMETRO DE COMANDO (RLIN)
Colocar parámetro de comando CDMAE
940 ## - EQUIVALENCIA O REFERENCIA-CRUZADA--TÍTULO UNIFORME [OBSOLETO] [solamente CAN/MARC]
Título uniforme <a href="CDMAE">CDMAE</a>
942 ## - ELEMENTOS DE ENTRADA AGREGADA (KOHA)
Fuente del sistema de clasificación o colocación Clasificación decimal universal
Tipo de ítem Koha Llibre
Holdings
Estado de retiro Estado de pérdida Fuente del sistema de clasificación o colocación Estado dañado No para préstamo Localización permanente Ubicación/localización actual Ubicación en estantería Fecha de adquisición Fuente de adquisición Total de préstamos Signatura topográfica completa Código de barras Fecha visto por última vez Precio válido a partir de Tipo de ítem Koha
    Clasificación decimal universal     Biblioteca Barcelona Biblioteca Barcelona BCN Magatzem Revistes 26/02/2026 Compra   S 143-06 1900089880 26/02/2026 26/02/2026 Llibre

Powered by Koha